| 000 | 00700nam a2200241Ia 4500 | ||
|---|---|---|---|
| 003 | OSt | ||
| 005 | 20241025111446.0 | ||
| 008 | 210716s2011 xx 000 0 und d | ||
| 020 | _a9789350235553 | ||
| 040 | _cAIMIT LIBRARY | ||
| 041 | _aeng | ||
| 082 |
_a005.73 _bRUKM |
||
| 100 |
_aRukadikar, Maria S. _9183277 |
||
| 245 |
_aData structure and algorithm / _cBy Maria S. Rukadikar. |
||
| 250 | _a1 | ||
| 260 |
_aNew Delhi _bShroff Publishers and Distributors Pvt Ltd _c2011 |
||
| 300 |
_aix,471,6 p.; _bPB _c24 cm. |
||
| 650 |
_aSearching and sorting _9183278 |
||
| 650 |
_aHashing _9183279 |
||
| 650 |
_aMultiway tree _9183280 |
||
| 650 |
_aGraphs _9183281 |
||
| 942 |
_2ddc _cBK _k005.73 RUKM |
||
| 999 |
_c192508 _d192508 |
||